Normal view
MARC view
- James L.White &Eung K.Kim
Entry Personal Name
001 - CONTROL NUMBER
- control field: 54051
003 - CONTROL NUMBER IDENTIFIER
- control field: NUST
005 - DATE AND TIME OF LATEST TRANSACTION
- control field: 20210421115859.0
008 - FIXED-LENGTH DATA ELEMENTS
- fixed length control field: 210421|| aca||aabn | a|a d
040 ## - CATALOGING SOURCE
- Original cataloging agency: NUST
- Transcribing agency: NUST
100 ## - HEADING--PERSONAL NAME
- Personal name: James L.White &Eung K.Kim
670 ## - SOURCE DATA FOUND
- Source citation: Work cat.: (NUST): James L.White &Eung K.Kim, Twin Screw Extrusion Technology and Principles, 2010
